00200nam a2200085Ia 4500008004100000100001400041245001900055260001500074260002500089180219s9999 xx 000 0 und d aNayar P M 0aKrishmai Kalam a"New Delhi c Prabhat Paper Waxe"